Speeches at Round Table Conference (Record no. 17023)

MARC details
000 -LEADER
fixed length control field 00583nam a2200229 a 4500
020 ## - INTERNATIONAL STANDARD BOOK NUMBER
ISBN 9788189524609
082 00 - DEWEY DECIMAL CLASSIFICATION NUMBER
Classification number 306.098814
Author Cutter AMB
100 ## - MAIN ENTRY--AUTHOR NAME
Author name Ambedkar, B R
245 ## - TITLE STATEMENT
Title Speeches at Round Table Conference
260 ## - PUBLICATION, DISTRIBUTION, ETC. (IMPRINT)
Place of publication New Delhi
Name of publisher Critical Quest
Year of publication 2011
300 ## - PHYSICAL DESCRIPTION
Number of Pages 40p
500 ## - GENERAL NOTE
General note includes index and biblioraphy
650 ## - SUBJECT ADDED ENTRY--TOPICAL TERM
Topical Term Ambedkar, B.R.-Philosophy
942 ## - ADDED ENTRY ELEMENTS (KOHA)
Koha item type Books
700 1# -
-- Ambedkar, B R
Holdings
Collection code Home library Current library Date acquired Cost, normal purchase price Full call number Accession Number Koha item type
  Henry Martyn Institute Library Henry Martyn Institute Library 10/21/2011 30.00 306.098814 AMB 023672 Books
                   Copyright © 2026 | Henry Martyn Institute | Hyderabad | TS-500052 | INDIA | Implemented by hmi.edu.in
Hit-Count:

Powered by Koha